000 00497nam a22001577a 4500
003 macl
005 20201023144515.0
008 201023b xxu||||| |||| 00| 0 eng d
040 _cmacl
082 _a800/AAS
100 _aचन्‍द्रसेन
_945333
245 _aमेरी आत्‍म -कहानी
260 _aदिल्‍ली
_bभारतीय प्रकाशन संस्‍थान
_c2019
650 _aरचनावली
_9163
942 _2ddc
_cHIN
999 _c63796
_d63796